The foundling : A comedy. As it is acted at the Theatre-Royal in Drury-lane. By Mr. Moore, ...

Bibliographic Details
Main Author: Moore, Edward, 1712-1757
Format: eBook
Language:English
Edition:The fourth edition.
Series:Eighteenth century collections online.
Online Access:Full text online

MARC

Tag First Indicator Second Indicator Subfields
LEADER 00000cam a2200000 4500
001 in00001910821
006 m | d |
007 cr |n||||||||n
008 810912s1755 enk|||| s 00| ||eng d
005 20260403170934.9
035 |a (CStRLIN)ESTCT129192 
040 |a Uk-ES  |c Uk-ES  |d CStRLIN  |d Thomson Gale  |d UtOrBLW 
100 1 |a Moore, Edward,  |d 1712-1757. 
245 1 4 |a The foundling :  |b A comedy. As it is acted at the Theatre-Royal in Drury-lane. By Mr. Moore, ... 
250 |a The fourth edition. 
264 3 |a London :  |b printed for R. Francklin,  |c 1755. 
300 |a v, 3 unnumbered pages, 69, 3 unnumbered pages ;  |c 8⁰. 
336 |a text  |b txt  |2 rdacontent 
337 |a computer  |b c  |2 rdamedia 
338 |a online resource  |b cr  |2 rdacarrier 
500 |a Reproduction of original from the British Library. 
510 4 |a English Short Title Catalog,  |c ESTCT129192. 
533 |a Electronic reproduction.  |b Farmington Hills, Mich. :  |c Thomson Gale,  |d 2003.  |n Available via the World Wide Web.  |n Access limited by licensing agreements  |7 s2003 miunns 
500 |a Electronic resource. 
830 0 |a Eighteenth century collections online. 
856 4 0 |u http://proxy.library.tamu.edu/login?url=https://galenet.galegroup.com/servlet/ECCO?c=1&stp=Author&ste=11&af=BN&ae=T129192&tiPG=1&dd=0&dc=flc&docNum=CW115237577&vrsn=1.0&srchtp=a&d4=0.33&n=10&SU=0LRK&locID=txshracd2898  |z Full text online  |t 0 
999 |a MARS 
999 f f |s f4892043-b252-3d02-a778-98df280de6db  |i ced3d5d2-0563-31ce-a034-953a03bcaf65  |t 0 
952 f f |a Texas A&M University  |b College Station  |c Electronic Resources  |s www_evans  |d Available Online  |t 0  |h No information provided 
998 f f |t 0  |l Available Online